000 00412nam a2200169Ia 4500
003 GCL
008 140319s9999 xx 000 0 eng d
040 _aGCL /
_cGCL
082 0 4 _a741.674
_bT A
100 1 _aTHAMES AND HUDSON
245 1 0 _aART AS ACTIVIST /
_cTHAMES AND HUDSON
260 _a[S.N] :
_bTHAMES AND HUDSON ،
_c1992
300 _a160
650 0 4 _aARTS
650 0 4 _aPOSTERS
942 _2ddc
_cBK
999 _c24162
_d24162